Landmarks in Spain by picture - Statistics

General Stats
  • This quiz has been taken 43 times
  • The average score is 8 of 16
Answer Stats
Picture Hint Answer % Correct
La Sagrada Familia
87%
Alhambra
77%
Guggenheim Museum Bilbao
61%
Santiago Bernabeu - Real Madrid Stadium
61%
Pilgrimage Santiago de Compostela Cathedral
61%
The city starts with S Aqueduct of Segovia
55%
Park Güell
48%
The Mosque–Cathedral of Córdoba
48%
The City of Arts and Sciences Valencia
45%
Plaza Mayor Madrid
42%
Benidorm
39%
Teide
32%
Museo del Prado
29%
Torre del Oro
26%
Alcázar of Seville
23%
Giralda
23%
No matching quizzes found
Score Distribution
Percent of People with Each Score
Percentile by Number Answered
Your Score History
You have not taken this quiz